Statistiques concernant tuiles. Départements selon le résultat du second tour 2022

Cliquez ici pour prendre le quiz!

Statistiques générales

  • Ce quiz a été pris 19 fois
  • Le résultat moyen est 11 sur 18

Statistiques - réponses

QuestionTuileSelect% Correct
sélectionnez les départements ou Marine Le Pen est arrivé en têteParisNon
83%
sélectionnez les départements ou Emmanuel Macron est arrivé en têteAllierOui
78%
sélectionnez les départements ou Emmanuel Macron est arrivé en têteVarNon
78%
sélectionnez les départements ou Emmanuel Macron est arrivé en têteCreuseOui
72%
sélectionnez les départements ou Marine Le Pen est arrivé en têteHaute LoireNon
72%
sélectionnez les départements ou Emmanuel Macron est arrivé en têteIndreOui
72%
sélectionnez les départements ou Marine Le Pen est arrivé en têteMayotteOui
72%
sélectionnez les départements ou Marine Le Pen est arrivé en têteAlpes MaritimesNon
61%
sélectionnez les départements ou Emmanuel Macron est arrivé en têteArdecheOui
61%
sélectionnez les départements ou Emmanuel Macron est arrivé en têtecherOui
61%
sélectionnez les départements ou Marine Le Pen est arrivé en têteNievreOui
61%
sélectionnez les départements ou Marine Le Pen est arrivé en têteaisneOui
56%
sélectionnez les départements ou Emmanuel Macron est arrivé en têteEureNon
56%
sélectionnez les départements ou Marine Le Pen est arrivé en têteSommeOui
56%
sélectionnez les départements ou Marine Le Pen est arrivé en têteMoselleNon
50%
sélectionnez les départements ou Emmanuel Macron est arrivé en têtenordOui
50%
sélectionnez les départements ou Emmanuel Macron est arrivé en têteAlpes de haute ProvenceNon
44%
sélectionnez les départements ou Marine Le Pen est arrivé en têteLot et garonneOui
39%

Distribution des résultats

Percentile par nombre de réponses

% des personnes avec chaque résultat

Votre développement - résultats

Vous n’avez pas pris ce quiz